| 000 | 00670nam a2200133Ia 4500 | ||
|---|---|---|---|
| 008 | 100328s9999 xx 000 0 und d | ||
| 082 | _b69581 | ||
| 100 | _aदिघे अनघा नितीन-अनु.(मूळ लेखक-रॉबर्ट ग्रीन). | ||
| 245 | _aसत्ता (आिाऎाउारप्राप्तीची 48 सूत्रे). | ||
| 260 | _bव्हिवा बुक्स. | ||
| 630 | _aसत्ता (आिाऎाउारप्राप्तीची 48 सूत्रे). | ||
| 730 | _aसत्ता (आिाऎाउारप्राप्तीची 48 सूत्रे). | ||
| 942 | _cBOOK | ||
| 999 |
_c555311 _d555308 |
||